| 000 | 00535nam a2200169 4500 | ||
|---|---|---|---|
| 001 | 139566 | ||
| 003 | ES-MaACL | ||
| 005 | 20230906195836.0 | ||
| 007 | t| | ||
| 008 | 070214s1970 sp r ||||1| spa d | ||
| 100 | 1 |
_aSauvêtre, Michel. _9104040 |
|
| 245 | 1 | 0 |
_aNuevas orientaciones para una catequesis de adolescentes / _cMichel Sauvêtre ; traducción de Juan J. Echeveste. |
| 260 |
_aSalamanca : _bSígueme, _c1970. |
||
| 300 |
_a161 p. ; _c19 cm. |
||
| 700 | 1 |
_aEcheveste, Juan J. _946591 |
|
| 852 |
_aES-MaACL _jC-44868 _bR.73358 |
||
| 999 |
_c139566 _d139566 |
||